000
00244nam a22000977a 4500
999
_c
11489
_d
11489
008
190529b ||||| |||| 00| 0 eng d
020
_a
9780241979969
100
_a
Rees laurence
_9
7207
245
_a
The holocaust
260
_a
UK
_b
Penguin Books
_c
2017